|
|
|
|
| LEADER |
00817cam a2200253 a 4500 |
| 001 |
020094 |
| 003 |
AR-BeUNQ |
| 005 |
20250214144134.0 |
| 007 |
ta |
| 008 |
080705s1965||||ag g 000 0aspa d |
| 999 |
|
|
|c 19816
|d 95203
|
| 040 |
|
|
|a AR-BeUNQ
|e aacr
|b spa
|c AR-BeUNQ
|
| 044 |
|
|
|a ag
|
| 082 |
0 |
4 |
|a 920
|2 21
|
| 100 |
1 |
|
|a Oliver, María Rosa,
|9 4931
|d 1898-1977
|
| 245 |
1 |
0 |
|a Mundo, mi casa :
|b (recuerdos de infancia) /
|c Maria Rosa Oliver.
|
| 260 |
|
|
|a Buenos Aires :
|b Falbo Librero Editor,
|c [1965].
|
| 300 |
|
|
|a 268 p. ;
|c 20 cm.
|
| 650 |
|
7 |
|a Literatura argentina
|2 ttll
|
| 650 |
|
7 |
|a Biografías
|2 spines
|
| 651 |
|
7 |
|a Argentina
|2 spines
|
| 929 |
|
|
|a DONACION
|b Margarita Pierini
|d 600,00E
|f PAT0024292
|g 1059
|j 42085
|
| 929 |
|
|
|a DONACION
|b Margarita Pierini
|d 600,00E
|e 20131211
|f PAT0052222
|g 2476
|j 50595
|
| 942 |
|
|
|c LIB
|n 0
|